Aproximación al Nuevo Testamento: guía para una lectura ilustrada y creyente

Saved in:
Bibliografiske detaljer
Hovedforfatter: Davies, William D (Author)
Format: Bog
Sprog:spansk
Udgivet: Madrid Cristianidad 1979
Fag:
Tags: Tilføj Tag
Ingen Tags, Vær først til at tagge denne postø!

MARC

LEADER 00000nam a2200000 a 4500
001 UCL1242
003 CL-VaPUC
008 030905e19790000SP |||||||||||||||||spa|d
020 |a 8470572636 
082 0 4 |a 225  |b DAV  |2 21 
100 0 |a Davies, William D  |e author  |9 478144 
245 1 0 |a Aproximación al Nuevo Testamento: guía para una lectura ilustrada y creyente 
300 |a 478 p 
942 |c BK 
945 |d 20030905 00:00:00  |a vberengu 
260 |a Madrid  |b Cristianidad  |c 1979 
650 0 |a Nuevo testamento  |9 257604 
650 0 |a Textos sagrados   |9 257605 
650 0 |a Biblia  |9 257603 
583 |a last modification  |c 20030905 00:00:00  |k Rodrigo Vera 
999 |c 304886  |d 304884 
952 |0 0  |1 0  |4 0  |6 225_000000000000000_DAV_1979  |7 0  |8 A  |9 367707  |a BIBTEO  |b BIBTEO  |d 2019-11-21  |i 2076373  |o 225 DAV 1979  |p 2076373  |r 2025-01-17  |w 2019-11-21  |y BK  |k ICR